1569 1576 1346 1228 1653 1634 1690 1449 1942 1753 1683 1995 1653 1785 1716 1664 1114 1687 1602 1245 1810 1818 1139 1442 1467 1257 1468 1624 1352 1921 1049 1353 1824 1625 1956 1680 1750 1265 1764 1972 1902 1382 1480 1490 1415 1901 1995 1628 1293 1243 1123 1013 1421 1763 1986 1416 1963 1256 1805 1275 1156 1683 1429 1970 1563 1971 1136 1559 1263 1742 1056 1135 1957 1461 1136 1980 1912 1444 1974 1062 1627 1222 1017 1321 1103 1529 1221 1177 1054 1939 1375 1484 1581 1626 1342 1090 1722 1733 1094 BCNSPRNW ULIB Ver.6.0+V

เปลี่ยนเป็นภาษาไทย

Change to English
 แสดงรายละเอียดบรรณานุกรม
  กลับหน้าหลัก

Brief Record : Get Marc (ISO 2709) : E-mail record : QR code < ปิดหน้าต่าง
LEADER : 00000nam 2200000uu 4500
001    13399126798
003     ULIB
008    190306s2561||||th 000 0 tha d
020    ^a9786168145074
050    ^aนว^bณ321ก
100    ^aณัฐณรา
245    ^aกำแพงสายรุ้ง ซีรีส์ชุดสี่ดรุณี/^cณัฐณรา
250    ^aพิมพ์ครั้งที่ 2
260    ^aกรุงเทพฯ :^bบางรักษ์,^c2561
300    ^a576 หน้า;^b26 ซม.
650    ^aนวนิยาย
945    ^p420^l0^i27293
999    ^aกัณชพร จุลอักษร
รายการนี้ยังไม่มีแท็ก
คุณยังไม่ได้ล็อกอิน คุณสามารถมีกิจกรรมร่วมกับเว็บไซต์ได้ แต่ต้องล็อกอินก่อน ::
  ล็อกอิน

รายการสื่อสารสนเทศ

ลำดับที่ ประเภท เลขเรียก/บาร์โค้ด สถานที่ สถานะ
1. วิทยาศาสตร์การแพทย์ และสุขภาพ
วิทยาศาสตร์การแพทย์ และสุขภาพ
นว ณ321ก ฉ.1 
  Barcode: 27293
ห้องสมุดวิทยาเขตสวรรค์ประชารักษ์
►นวนิยาย
บนชั้น
  ขอยืม

รายการใกล้เคียง
    ผู้แต่ง [ณัฐณรา]

    หัวเรื่อง [นวนิยาย]

BibComment


ยังไม่เคยถูกคอมเมนท์

คอมเมนท์ทรัพยากรรายการนี้
  คอมเมนท์: กำแพงสายรุ้ง ซีร..


 Copyright 2026. Bcnsprnw @Library